[Event "Las Palmas"]
[Site "Las Palmas"]
[Date "1976.??.??"]
[Round "1"]
[White "Geller, Efim P"]
[Black "Huebner, Robert"]
[Result "1-0"]
[WhiteElo "2620"]
[BlackElo "2585"]

1.e4 c5 2.Nf3 e6 3.d4 cxd4 4.Nxd4 a6 5.Bd3 g6 6.O-O Bg7 7.c3 Nf6 8.Nd2 Qc7
9.a4 O-O 10.Re1 d6 11.a5 Nbd7 12.Nc4 d5 13.exd5 Nxd5 14.Bf1 Nc5 15.Bg5 f6
16.Bh4 e5 17.Qf3 Nf4 18.Nb6 Rb8 19.Bg3 g5 20.Bxf4 gxf4 21.b4 Ne6 22.Bc4 Re8
23.Nxc8 Qxc4 24.Nd6 Nxd4 25.cxd4 Qe6 26.Nxe8 Qxe8 27.dxe5 fxe5 28.Rac1 Qf7
29.Red1 Re8 30.Qe4 Bf8 31.Rd5 Qg6 32.Re1 Qxe4 33.Rxe4 Rc8 34.Rdxe5 Bxb4 35.Re8+ Rxe8
36.Rxe8+ Kf7 37.Rb8 Bxa5 38.Rxb7+ Kg6 39.Ra7 Bc3 40.Rxa6+ Kg5 41.Kf1  1-0

[Event "Las Palmas"]
[Site "Las Palmas"]
[Date "1976.??.??"]
[Round "5"]
[White "Debarnot, Roberto"]
[Black "Gheorghiu, Florin"]
[Result "1/2-1/2"]
[WhiteElo "2350"]
[BlackElo "2540"]

1.d4 Nf6 2.c4 c5 3.Nf3 cxd4 4.Nxd4 b6 5.f3 Bb7 6.e4 d6 7.Be2 e6 8.Nc3 Be7
9.Qa4+ Nfd7 10.O-O O-O 11.Be3 a6 12.Qc2 Re8 13.Qd2 Nf6 14.Rfd1 Nbd7 15.Bf1 Rc8
16.Rac1 Qc7 17.Qf2 Qb8 18.Nb3 Bc6 19.Nd4 Bb7 20.Nb3 d5 21.cxd5 exd5 22.Nxd5 Nxd5
23.Rxc8 Rxc8 24.exd5 Bd6 25.g3 b5  1/2-1/2

[Event "Las Palmas"]
[Site "Las Palmas"]
[Date "1976.??.??"]
[Round "12"]
[White "Bellon Lopez, Juan Manuel"]
[Black "Huebner, Robert"]
[Result "0-1"]
[WhiteElo "2475"]
[BlackElo "2585"]

1.e4 e6 2.Nc3 d5 3.Nf3 Bb4 4.a3 Be7 5.d4 dxe4 6.Nxe4 Nd7 7.Bd3 b6 8.Bb5 Nf6
9.Ne5 O-O 10.Nc6 Qe8 11.Qf3 Nd5 12.O-O a6 13.Bd3 Bb7 14.Nxe7+ Nxe7 15.Qh3 h6
16.Bf4 Nd5 17.Bd2 f5 18.Ng3 b5 19.Rae1 Qf7 20.b3 Rfe8 21.c4 bxc4 22.bxc4 Ne7
23.Re2 Nf8 24.Rfe1 Rad8 25.Bc3 c5 26.d5 exd5 27.cxd5 Nxd5 28.Bc4 Rxe2 29.Rxe2 Ne6
30.Qxf5 Nxc3 31.Qxf7+ Kxf7 32.Rxe6 Bd5 33.Bxd5 Rxd5 34.Re1 c4 35.h4 Ra5 36.h5 Rxa3
37.Nf5 Nb5 38.Ne3 c3 39.Kf1 Ra2 40.Rc1 Nd4 41.g4 c2  0-1

[Event "Las Palmas"]
[Site "Las Palmas"]
[Date "1976.??.??"]
[Round "12"]
[White "Geller, Efim P"]
[Black "Debarnot, Roberto"]
[Result "1-0"]
[WhiteElo "2620"]
[BlackElo "2350"]

1.c4 e5 2.Nc3 Nc6 3.g3 Nf6 4.Bg2 Bb4 5.Nd5 Nxd5 6.cxd5 Ne7 7.Nf3 Bd6 8.e4 c6
9.d4 cxd5 10.dxe5 Bb4+ 11.Bd2 Bxd2+ 12.Nxd2 d6 13.exd6 Qxd6 14.O-O Be6 15.exd5 Nxd5
16.Ne4 Qb4 17.Ng5 O-O-O 18.Nxe6 fxe6 19.Qe2 Nc7 20.Rac1 Kb8 21.Qe5 Rd7 22.Rfd1 Rhd8
23.Qxc7+  1-0

[Event "Las Palmas"]
[Site "Las Palmas"]
[Date "1976.??.??"]
[Round "13"]
[White "Gheorghiu, Florin"]
[Black "Portisch, Lajos"]
[Result "1/2-1/2"]
[WhiteElo "2540"]
[BlackElo "2625"]

1.c4 Nf6 2.Nc3 e6 3.Nf3 c5 4.e3 d5 5.d4 dxc4 6.Bxc4 a6 7.dxc5 Qxd1+ 8.Kxd1 Bxc5
9.a3 Nbd7 10.Ke2 b5 11.Bd3 Bb7 12.b4 Bd6 13.Bb2 Ke7 14.Rhd1 Rhc8 15.g3 Bxf3+
16.Kxf3 Ne5+ 17.Ke2 Nc4 18.Bxc4 Rxc4 19.f4 Rac8 20.Rd3 Rd8 21.Rad1 Bc7 22.Kf3 Rxd3
23.Rxd3 Bb6 24.g4 g5 25.h3 gxf4 26.exf4 Bc7 27.Bc1 Ke8 28.Be3  1/2-1/2

[Event "Las Palmas"]
[Site "Las Palmas"]
[Date "1976.??.??"]
[Round "13"]
[White "Tseshkovsky, Vitaly"]
[Black "Geller, Efim P"]
[Result "1/2-1/2"]
[WhiteElo "2550"]
[BlackElo "2620"]

1.e4 c5 2.Nf3 e6 3.d4 cxd4 4.Nxd4 Nc6 5.Nb5 d6 6.c4 Nf6 7.N1c3 a6 8.Na3 Be7
9.Be2 O-O 10.O-O b6 11.Be3 Bb7 12.Rc1 Ne5 13.Qd4 Ned7 14.f3 d5 15.cxd5 exd5
16.exd5 Bc5 17.Qd2 Bxe3+ 18.Qxe3 Re8 19.Qf2 Nxd5 20.Nxd5 Bxd5  1/2-1/2

[Event "Las Palmas"]
[Site "Las Palmas"]
[Date "1976.??.??"]
[Round "14"]
[White "Debarnot, Roberto"]
[Black "Tseshkovsky, Vitaly"]
[Result "1/2-1/2"]
[WhiteElo "2350"]
[BlackElo "2550"]

1.c4 Nf6 2.Nf3 g6 3.d4 Bg7 4.g3 O-O 5.Bg2 d6 6.O-O c6 7.Nc3 Qa5 8.e4 e5 9.d5 cxd5
10.cxd5 b5 11.Nd2 b4 12.Nb3 Qc7 13.Nb1 a5 14.a4 Na6 15.Re1 Nd7 16.Be3 Nac5
17.Nxc5 Nxc5 18.Qc2 Ba6 19.Bf1 Bxf1 20.Rxf1 Rfc8 21.Nd2 b3 22.Nxb3 Nxb3 23.Qxb3 Qc4
24.Qxc4 Rxc4 25.f3 f5 26.exf5 gxf5 27.Rfc1 Rb4 28.Rc2 e4 29.fxe4 fxe4 30.Ra2 Be5
31.Kg2 Rb3 32.Ra3 Rab8 33.Rxb3 Rxb3 34.Bc1 Rb4 35.Bf4 Bxf4 36.gxf4 Kf7 37.Rc7+ Kg6
38.Rd7 Rxb2+ 39.Kg3 Rb3+ 40.Kf2 Ra3 41.Rxd6+ Kf5 42.Rh6 Kxf4 43.Rxh7 Ra2+
44.Kf1 Rxa4 45.d6 Ke3 46.Rh5  1/2-1/2

[Event "Las Palmas"]
[Site "Las Palmas"]
[Date "1976.??.??"]
[Round "14"]
[White "Bellon Lopez, Juan Manuel"]
[Black "Fraguela Gil, Jose Miguel"]
[Result "1-0"]
[WhiteElo "2475"]
[BlackElo "2380"]

1.e4 c5 2.Nf3 d6 3.d4 cxd4 4.Nxd4 Nf6 5.Nc3 e6 6.Be2 a6 7.O-O b5 8.Bf3 Ra7
9.Re1 Be7 10.a4 bxa4 11.Nxa4 O-O 12.Be3 Rc7 13.Bd2 Rd7 14.c4 Bb7 15.Qb3 d5
16.cxd5 exd5 17.Nf5 dxe4 18.Nxe7+ Kh8 19.Be2 Rxd2 20.Nf5 Qd5 21.Qb4 Rd8 22.Ne3 Qd7
23.Nc5 Qe7 24.Rad1 Rxd1 25.Rxd1 Bc6 26.Nxa6 Rxd1+ 27.Bxd1 Qxb4 28.Nxb4 Bb5
29.Nf5 Ne8 30.Bb3 Kg8 31.Bd5 Nf6 32.Bxf7+ Kxf7 33.Nd6+ Ke6 34.Nxb5 Nd5 35.Nxd5 Kxd5
36.Nc7+ Kc4 37.Ne6 Kb3 38.Nxg7 Kxb2 39.Kf1 Kc3 40.Ke2 Kd4 41.Ne6+ Ke5 42.Ng5 Kf5
43.Nxh7 Kg6 44.Nf8+ Kf7 45.Nh7 Kg6 46.Nf8+ Kf7 47.Ke3 Kxf8 48.Kxe4 Kf7 49.f4 Na6
50.g4 Nc5+ 51.Kd4 Ne6+ 52.Ke5 Nc5 53.h4 Nd3+ 54.Kf5 Ne1 55.h5 Kg7 56.g5 Nf3
57.Kg4 Nh2+ 58.Kf5 Nf1 59.h6+ Kh7 60.Kg4 Nd2 61.Kh5 Ne4 62.g6+ Kh8 63.Kg4 Nf2+
64.Kf5 Nd3 65.Kg5  1-0

[Event "Las Palmas"]
[Site "Las Palmas"]
[Date "1976.??.??"]
[Round "14"]
[White "Rogoff, Kenneth"]
[Black "Byrne, Robert E"]
[Result "0-1"]
[WhiteElo "2480"]
[BlackElo "2540"]

1.Nf3 Nf6 2.c4 e6 3.Nc3 d5 4.d4 Nbd7 5.Bf4 Bd6 6.Bg3 Bxg3 7.hxg3 dxc4 8.e4 Nb6
9.Bxc4 Nxc4 10.Qa4+ Bd7 11.Qxc4 O-O 12.Ne5 Be8 13.O-O-O Nd7 14.f4 Nb6 15.Qe2 f6
16.Nf3 Na4 17.Rd3 Nxc3 18.Rxc3 Qe7 19.Qc2 c6 20.g4 h6 21.g5 fxg5 22.fxg5 h5
23.Qd2 Qd6 24.Ne5 Rd8 25.Rd1 b6 26.g6 Qe7 27.Rh3 Rf6 28.Rxh5 Bxg6 29.Rh4 Rdf8
30.Qd3 Bh7 31.Qh3 Rh6 32.Rxh6 Qg5+ 33.Kb1 Bxe4+ 34.Ka1 Qxh6 35.Qg4 Rf4 36.Qe2 Bd5
37.Rf1 Rxf1+ 38.Qxf1 Bxg2  0-1

[Event "Las Palmas"]
[Site "Las Palmas"]
[Date "1976.??.??"]
[Round "15"]
[White "Gheorghiu, Florin"]
[Black "Bellon Lopez, Juan Manuel"]
[Result "1-0"]
[WhiteElo "2540"]
[BlackElo "2475"]

1.e4 c5 2.Nf3 g6 3.d4 cxd4 4.Nxd4 Nc6 5.c4 Bg7 6.Be3 Nf6 7.Nc3 O-O 8.Be2 b6
9.O-O Bb7 10.f3 d6 11.Qd2 Qd7 12.a4 e6 13.Rfd1 Rfd8 14.Nxc6 Qxc6 15.a5 bxa5
16.Nb5 a6 17.Nxd6 Ne8 18.c5 Rd7 19.Qxa5 Bxb2 20.Rab1 Nxd6 21.Rxd6 Rxd6 22.cxd6 Bf6
23.Qc7  1-0

[Event "Las Palmas"]
[Site "Las Palmas"]
[Date "1976.??.??"]
[Round "15"]
[White "Hernandez, Roman"]
[Black "Debarnot, Roberto"]
[Result "0-1"]
[WhiteElo "2460"]
[BlackElo "2350"]

1.c4 Nf6 2.Nc3 c5 3.Nf3 e6 4.g3 b6 5.Bg2 Bb7 6.O-O Be7 7.d4 cxd4 8.Qxd4 d6
9.b3 O-O 10.Bb2 a6 11.Rfd1 Nbd7 12.Qf4 Qb8 13.a4 Rd8 14.Ba3 Nc5 15.b4 Nce4
16.Rac1 e5 17.Qe3 Ng4 18.Qxb6 Nxc3 19.Rxc3 Rd7 20.Bh3 Bd8 21.Bxg4 Bxb6 22.Bxd7 Qc7
23.c5 dxc5 24.bxc5 Ba5 25.Rcc1 Rd8 26.c6 Bxc6 27.Rxc6 Rxd7 28.Rxd7 Qxc6 29.Nxe5 Qxa4
30.Rd3 f6 31.Nf3 Bb6 32.Kg2 a5 33.Rc3 g5 34.h3  0-1

[Event "Las Palmas"]
[Site "Las Palmas"]
[Date "1976.??.??"]
[Round "15"]
[White "Fraguela Gil, Jose Miguel"]
[Black "Rogoff, Kenneth"]
[Result "1/2-1/2"]
[WhiteElo "2380"]
[BlackElo "2480"]

1.Nf3 Nf6 2.c4 c5 3.b3 g6 4.Bb2 Bg7 5.g3 O-O 6.Bg2 d6 7.O-O e5 8.d3 Nc6 9.Nc3 h6
10.Ne1 Be6 11.Nd5 Bxd5 12.cxd5 Ne7 13.e4 Nd7 14.f4 f5 15.Nc2 Rf7 16.Ne3 exf4  1/2-1/2

[Event "Las Palmas"]
[Site "Las Palmas"]
[Date "1976.??.??"]
[Round "15"]
[White "Sigurjonsson, Gudmundur"]
[Black "Geller, Efim P"]
[Result "0-1"]
[WhiteElo "2530"]
[BlackElo "2620"]

1.e4 e5 2.Nf3 Nc6 3.Bb5 a6 4.Ba4 Nf6 5.O-O Be7 6.Re1 b5 7.Bb3 O-O 8.c3 d6
9.h3 h6 10.d4 Re8 11.Nbd2 Bf8 12.Nf1 Bd7 13.Ng3 Na5 14.Bc2 Nc4 15.b3 Nb6
16.Be3 c5 17.d5 a5 18.Nd2 g6 19.Qe2 Bg7 20.Bd3 b4 21.c4 a4 22.Nf3 Qc7 23.Qd2 h5
24.Bh6 Nh7 25.Nh2 Bxh6 26.Qxh6 Qd8 27.Nf3 Qf6 28.Qd2 axb3 29.axb3 Bxh3 30.Rxa8 Rxa8
31.Nf1 Bd7 32.Qb2 Qd8 33.Ra1 Rxa1 34.Qxa1 Qa8 35.Qb1 Bc8 36.Ne3 Nd7 37.Be2 Ndf6
38.Bd3 Kg7 39.Qb2 Bd7 40.Qb1 Ng4 41.Nxg4 Bxg4 42.Nd2 h4 43.Nf1 Nf6 44.Ne3 Bd7
45.Be2 Qh8 46.Bd3 h3 47.g3 Qh5 48.Qd1 Ng4 49.Qe2 Nxe3 50.Qxh5 gxh5 51.fxe3 Bg4
52.Bc2 Kg6 53.Kh2 Kg5 54.Kg1 Be2  0-1